000 00869nam a22002177a 4500
999 _c5753
_d5753
003 AR-CdUCM
008 190313b ||||| |||| 00| 0 spa d
040 _aMUNICIPALIDAD PROVINCIAL DEL CUSCO
_cBIBLIOTECA MUNICIPAL DEL CUSCO
082 _a985.061 /
_bS71
100 _aSotomayor Roggero, Carmela
_917116
245 _aSublevación de campesinos negros en Chincha 1879 /
260 _aLima :
_bUniversidad Nacional Mayor de San Marcos,
_c1979.
300 _a67 paginas ;
_c21 cm.
500 _aDonación de la familia Nieto.
505 _aContenido :Antecedentes históricos -- Sublevación negra en chincha -- Ataque a la ciudad de chincha alta -- Confusión en pisco -- Represión ...
650 _aMovimientos campesinos
_97308
650 _aGuerra del Pacífico, 1879-1884
_917117
650 _aAspectos sociales
_9262
942 _2ddc
_cLIBROS
945 _arum